Płyty ZEAMSONE - Statystyki

Ogólne statystyki
  • Ten quiz został rozwiązany 111 razy
  • Średni wynik to 4 z 5
Statystyki odpowiedzi
Obrazkowy Odpowiedź % Poprawnych
777
99%
UNIWERSUM
95%
Trzy Znaki Zapytania
90%
Hundred Bands
88%
734 GUITARS
76%
Nie znaleziono quizów pasujących do podanych kryteriów
Rozkład punktacji
Procent ludzi z każdym wynikiem
Percentyl według liczby udzielonych odpowiedzi
Twoja historia wyników
Nie rozwiązałeś tego quizu